000
00259nam a2200097Ia 4500
001
966532
005
20250826220307.0
008
250824s9999 xx 000 0 und d
245
0
_a
İBN ARABİ HAZRETLERİ
_c
BURSALI MEHMED TAHİR
260
_b
HAYY KİTAP YAYINLARI
999
_c
966532
_d
966532